01311cam a22002651 4500001001300000003000400013005001700017008004100034010001700075035001900092040003800111042001200149050001900161082001100180100003400191245002200225260005200247300001900299490008800318500007600406505048200482651003300964651003300997999001501030af 47001217 DLC20260227110807.0800328s1943 gw 000 0 ger c aaf 47001217  a(OCoLC)6141405 aHarvard Univ. LibrarycNSbSUdDLC apremarc00aPT2638.A56bR4 a834.911 aSchaffner, Jakob,d1875-1944.14aDas Reich in uns. aBerlin,bVerlag Grenze und ausland gmbhc[1943] a203 p.c21 cm.0 aSchriftenreihe der zeitschrift Deutsche arbeit, hrsg. von Dorothea Goedicke.vBd. 4 a"Sammlung von reden und aufsätzen aus drei jahrzehnten."--Zum geleit.0 aDas heute: Die neue rune. Zwiesprache mit den jungen. Die frauen. Über kultur. Über ehrfurcht. Was wird sein? Unter dem gesetz. Starke und schöne dinge. Leben aus dem tod. Von der macht. Der sinn. Zur nation gereift. Die toten stehen auf. Von der urkraft. Die innere linie. Der habicht.--Der weg 1917 bis 1940: Der grosse austrag 1917. Die deutsche auferstehung 1919. Entscheidung. Von der landschaft 1933. Heimat in der dichtung. Vom wesen der deutschen reichsidee 1941. 0aGermanyxHistoryy1918-1933. 0aGermanyxHistoryy1933-1945. c1162d1162